Synergia obchodu a poskytovania hodnoty zákazníkom

Vymedzenie prvkov racionalizácie, zefektívnenia a synergie obchodu, ktoré sú východiskom na poskytovanie hodnoty zákazníkom s ohľadom na efektívnosť. Prezentácia systému metrík marketingu v maloobchode.

Gespeichert in:
Bibliographische Detailangaben
1. Verfasser: Francová, Zuzana, 1971-
Format: Buchkapitel
Sprache:Slowakisch
Schlagworte:
Tags: Tag hinzufügen
Keine Tags, Fügen Sie das erste Tag hinzu!

MARC

LEADER 00000naa$a2200000$$$4500
001 0105215
005 20240611111740.6
041 0 |a slo 
044 |a SK 
245 1 0 |a Synergia obchodu a poskytovania hodnoty zákazníkom  |c Zuzana Francová 
520 |a Vymedzenie prvkov racionalizácie, zefektívnenia a synergie obchodu, ktoré sú východiskom na poskytovanie hodnoty zákazníkom s ohľadom na efektívnosť. Prezentácia systému metrík marketingu v maloobchode. 
610 2 0 |a obchod 
610 2 0 |a racionalita ekonomická 
610 2 0 |a marketing 
610 2 0 |a synergia 
610 2 0 |a zákazníci 
610 2 0 |a maloobchod 
100 1 |a Francová, Zuzana, 1971-